[Event "XV Festival B"]
[Site "Padova ITA"]
[Date "2012.12.22"]
[Round "4"]
[White "Guerra, Alessandro"]
[Black "Gennari, Jacopo"]
[WhiteElo "2200"]
[BlackElo "1837"]
[Result "1-0"]
[PlyCount "67"]
[EventDate "2012.12.15"]

1. e4 e6 2. d4 d5 3. Nc3 c5 4. exd5 exd5 5. Nf3 Nf6 6. Bb5+ Bd7 7. Bxd7+ Qxd7
8. O-O cxd4 9. Ne5 Qe6 10. Qxd4 Bd6 11. Qa4+ Nbd7 12. Nxd7 Qxd7 13. Re1+ Be7
14. Bg5 Qxa4 15. Nxa4 Kf8 16. Rad1 Rd8 17. Nc3 h6 18. Bxf6 Bxf6 19. Rxd5 Rxd5
20. Nxd5 Bxb2 21. Rb1 Bd4 22. Rxb7 g5 23. c3 Bc5 24. Rc7 Bb6 25. Nxb6 axb6 26.
Rc8+ Kg7 27. Rxh8 Kxh8 28. c4 Kg7 29. c5 bxc5 30. a4 c4 31. Kf1 Kf6 32. a5 c3
33. Ke2 Ke5 34. a6 1-0

[Event "XV Festival B"]
[Site "Padova ITA"]
[Date "2012.12.22"]
[Round "4"]
[White "Kolosov, Antonio"]
[Black "Pisani, Valerio"]
[WhiteElo "1386"]
[BlackElo "1731"]
[Result "1-0"]
[PlyCount "73"]
[EventDate "2012.12.15"]

1. e4 e6 2. d4 d5 3. exd5 exd5 4. Nf3 Bd6 5. Nc3 c6 6. Be3 Nf6 7. h3 Bf5 8. Nh4
Be6 9. Nf3 h6 10. Bd3 Nbd7 11. Ne2 Qc7 12. b3 b5 13. O-O g5 14. Nd2 g4 15. hxg4
Nxg4 16. c4 bxc4 17. bxc4 Nh2 18. Re1 Ng4 19. c5 Be7 20. Nf4 h5 21. Be2 Ndf6
22. Bxg4 hxg4 23. g3 Bd7 24. Nd3 O-O-O 25. Bf4 Rh7 26. Bxc7 Rdh8 27. Kf1 Kxc7
28. Qa4 Ne4 29. Qa5+ Kb8 30. Rab1+ Ka8 31. Nxe4 dxe4 32. Ne5 Be6 33. Qc7 Rh1+
34. Ke2 Rxe1+ 35. Rxe1 Bg5 36. Qxc6+ Kb8 37. Rb1+ 1-0

[Event "XV Festival B"]
[Site "Padova ITA"]
[Date "2012.12.22"]
[Round "4"]
[White "Liguori, Michele"]
[Black "Rodella, Umberto"]
[WhiteElo "1733"]
[BlackElo "1738"]
[Result "1/2-1/2"]
[PlyCount "132"]
[EventDate "2012.12.15"]

1. e4 c5 2. c3 d5 3. exd5 Qxd5 4. d4 e6 5. Nf3 Nc6 6. Be3 cxd4 7. cxd4 Nf6 8.
a3 Be7 9. Nc3 Qd7 10. Ne5 Nxe5 11. dxe5 Qxd1+ 12. Rxd1 Ng4 13. Bb5+ Kf8 14. Bf4
a6 15. Be2 Nh6 16. Bf3 g5 17. Be3 Nf5 18. Bb6 Kg7 19. O-O a5 20. Rd2 Ra6 21.
Na4 Nh4 22. Be2 Ra8 23. Bc7 b5 24. Bxb5 Bb7 25. f3 Bd5 26. Nc3 Bc5+ 27. Kh1 Bb7
28. Ne4 Be3 29. Rd3 Bf4 30. Nf6 h5 31. Kg1 Ng6 32. Re1 Rac8 33. Bd6 h4 34. Ng4
Rc2 35. b4 axb4 36. Bxb4 Rhc8 37. Ne3 Rc1 38. Ng4 Rxe1+ 39. Bxe1 Nxe5 40. Bc3
Rc5 41. a4 Kg6 42. Nxe5+ Bxe5 43. Bxe5 Rxe5 44. Ra3 Rc5 45. Bd3+ f5 46. Kf2 Ra5
47. Bb5 Bd5 48. g3 Kh5 49. Be8+ Kh6 50. gxh4 gxh4 51. Bb5 Kg5 52. Ke3 e5 53.
Rc3 e4 54. fxe4 Bxe4 55. Kd4 Ra7 56. Ke3 Kg4 57. Kf2 Ra8 58. Be2+ Kf4 59. Ra3
Bc6 60. a5 Kg5 61. Bf3 Bxf3 62. Kxf3 Ra6 63. h3 Kg6 64. Kf4 Kf6 65. Ra1 Kg6 66.
Ra4 Kf6 1/2-1/2

[Event "XV Festival B"]
[Site "Padova ITA"]
[Date "2012.12.22"]
[Round "4"]
[White "Lodici, Lorenzo"]
[Black "Xia, Jie"]
[WhiteElo "1931"]
[BlackElo "2255"]
[Result "0-1"]
[PlyCount "48"]
[EventDate "2012.12.15"]

1. d4 Nf6 2. c4 g6 3. f3 Bg7 4. e4 d6 5. Be3 O-O 6. Ne2 e5 7. d5 c6 8. Nec3 a6
9. Be2 cxd5 10. cxd5 Nh5 11. O-O f5 12. b4 Nf4 13. b5 Qg5 14. Bxf4 exf4 15. Qa4
Nd7 16. Qb4 Ne5 17. a4 axb5 18. a5 fxe4 19. fxe4 f3 20. Bxf3 Qe3+ 21. Kh1 Nd3
22. Qxb5 Bd7 23. Qc4 Rac8 24. Nd1 Qxf3 0-1

[Event "XV Festival B"]
[Site "Padova ITA"]
[Date "2012.12.22"]
[Round "4"]
[White "Mancin, Michele"]
[Black "Rossi, Davide"]
[WhiteElo "1750"]
[BlackElo "1556"]
[Result "1/2-1/2"]
[PlyCount "83"]
[EventDate "2012.12.15"]

1. d4 e6 2. g3 d5 3. c4 Nf6 4. Bg2 c5 5. cxd5 Nxd5 6. e4 Nf6 7. d5 exd5 8. exd5
Bd6 9. Nf3 O-O 10. O-O Bg4 11. Nc3 a6 12. a4 Nbd7 13. Qc2 Qc7 14. Bg5 h6 15.
Be3 Bxf3 16. Bxf3 Ne5 17. Bg2 Rfe8 18. Qf5 Qd7 19. Qxd7 Nexd7 20. h3 Re7 21.
Bd2 Rae8 22. Rae1 Ne5 23. b3 Ned7 24. Rxe7 Rxe7 25. Re1 Rxe1+ 26. Bxe1 Be5 27.
a5 b6 28. Na4 b5 29. Nb6 Nxb6 30. axb6 Nd7 31. Ba5 Kf8 32. Kf1 Ke7 33. f4 Bd4
34. b7 Kd6 35. Be4 c4 36. bxc4 bxc4 37. Ke2 Ba7 38. Kd2 Kc5 39. Kc3 Kb5 40. Bc7
Nc5 41. Bf3 Nxb7 42. d6 {...} 1/2-1/2

[Event "XV Festival B"]
[Site "Padova ITA"]
[Date "2012.12.22"]
[Round "4"]
[White "Negro, Raffaele"]
[Black "Solaroli, Riccardo"]
[WhiteElo "1826"]
[BlackElo "1920"]
[Result "1-0"]
[PlyCount "61"]
[EventDate "2012.12.15"]

1. d4 Nf6 2. Nf3 g6 3. Nc3 d5 4. Bf4 Bg7 5. Qd2 c6 6. Bh6 O-O 7. h4 Bf5 8. Bxg7
Kxg7 9. h5 Ng4 10. Nh4 e6 11. f3 Qd6 12. Nxf5+ exf5 13. fxg4 Qg3+ 14. Kd1 f4
15. Qd3 Qxg4 16. Qh3 Qg5 17. hxg6 h6 18. gxf7 Rxf7 19. g3 f3 20. Qh4 Qe3 21.
Qg4+ Kh7 22. exf3 Na6 23. Bd3+ Kh8 24. Re1 Qf2 25. Ne2 Rg8 26. Qh5 Rf6 27. Qe5
Qxf3 28. Kd2 Rg5 29. Rf1 Qxf1 30. Rxf1 Rxe5 31. Rxf6 1-0

[Event "XV Festival B"]
[Site "Padova ITA"]
[Date "2012.12.22"]
[Round "4"]
[White "Renier, Renzo"]
[Black "Zamengo, Fulvio"]
[WhiteElo "2006"]
[BlackElo "2068"]
[Result "0-1"]
[PlyCount "72"]
[EventDate "2012.12.15"]

1. e4 e6 2. d4 d5 3. e5 c5 4. c3 Nc6 5. Nf3 Bd7 6. Be2 f6 7. exf6 Nxf6 8. O-O
Bd6 9. Na3 O-O 10. Nb5 Be7 11. dxc5 Bxc5 12. Nbd4 Qe7 13. Bf4 Ne4 14. Be5 Nxe5
15. Nxe5 Bd6 16. Nxd7 Qxd7 17. Bg4 Rae8 18. Qe2 Bc5 19. Rae1 Qd6 20. Kh1 e5 21.
Nf5 Qb6 22. Ne3 Nxf2+ 23. Rxf2 Bxe3 24. Rxf8+ Rxf8 25. Rf1 Rxf1+ 26. Qxf1 g6
27. Qd3 d4 28. cxd4 Bxd4 29. Qc4+ Kg7 30. b3 Qf6 31. Qc7+ Kh6 32. Qc1+ g5 33.
h4 e4 34. hxg5+ Qxg5 35. Qxg5+ Kxg5 36. Bc8 e3 0-1

[Event "XV Festival B"]
[Site "Padova ITA"]
[Date "2012.12.22"]
[Round "4"]
[White "Rigo, Mario"]
[Black "Simongini, Giacomo"]
[WhiteElo "1503"]
[BlackElo "1748"]
[Result "0-1"]
[PlyCount "99"]
[EventDate "2012.12.15"]

1. e4 e6 2. d4 d5 3. Nc3 Nf6 4. e5 Nfd7 5. Nf3 c5 6. Be3 Nc6 7. Be2 f6 8. exf6
Nxf6 9. O-O Be7 10. Qd2 O-O 11. Rad1 cxd4 12. Nxd4 e5 13. Nxc6 bxc6 14. Bg5 Rb8
15. Na4 Qc7 16. f3 Be6 17. a3 c5 18. Be3 Bd7 19. b3 c4 20. Qc3 Rfc8 21. f4 Bxa4
22. bxa4 d4 23. Bxd4 exd4 24. Qg3 Ne4 25. Qg4 Nc3 26. Rde1 Nxe2+ 27. Rxe2 Bc5
28. Kh1 Re8 29. Rd2 Re3 30. Qg5 Qd6 31. f5 Rf8 32. f6 Rxf6 33. Rfd1 Rxa3 34.
Re1 Rxa4 35. Rde2 Rf8 36. g3 Qc6+ 37. Kg1 d3+ 38. Re3 Bxe3+ 39. Qxe3 Qb6 40.
Qxb6 axb6 41. cxd3 cxd3 42. Rd1 Ra3 43. Kg2 Ra2+ 44. Kh3 d2 45. Rb1 Rc2 46. g4
h6 47. Rxb6 Rf3+ 48. Kh4 d1=Q 49. Rb8+ Kh7 50. h3 0-1

[Event "XV Festival B"]
[Site "Padova ITA"]
[Date "2012.12.22"]
[Round "4"]
[White "Rigoni, Vinicio"]
[Black "Menini, Luca"]
[WhiteElo "1912"]
[BlackElo "1697"]
[Result "1-0"]
[PlyCount "59"]
[EventDate "2012.12.15"]

1. d4 g6 2. Nf3 Bg7 3. c3 b6 4. e4 Bb7 5. Bd3 d6 6. Be3 Nd7 7. Qb3 e6 8. Nbd2
Ne7 9. Ng5 h6 10. Ngf3 O-O 11. h4 a5 12. a4 Rc8 13. Nc4 d5 14. exd5 Bxd5 15.
Qd1 Nf5 16. g4 Nxh4 17. Rxh4 Bxf3 18. Qxf3 Qxh4 19. O-O-O Qf6 20. Qh3 g5 21.
Rh1 Rfd8 22. f4 c5 23. fxg5 hxg5 24. Nd6 cxd4 25. Rf1 Qh6 26. Qxh6 Bxh6 27.
Bxd4 e5 28. Nxf7 exd4 29. Nxh6+ Kg7 30. Rf7+ 1-0

[Event "XV Festival B"]
[Site "Padova ITA"]
[Date "2012.12.22"]
[Round "4"]
[White "Rodeghiero, Andrea"]
[Black "De Marchi, Alessandro"]
[WhiteElo "1989"]
[BlackElo "1713"]
[Result "0-1"]
[PlyCount "141"]
[EventDate "2012.12.15"]

1. Nf3 Nf6 2. d4 e6 3. c4 Bb4+ 4. Bd2 Be7 5. Nc3 d5 6. e3 O-O 7. Bd3 dxc4 8.
Bxc4 c5 9. O-O Nc6 10. dxc5 Bxc5 11. a3 a5 12. Qe2 Qe7 13. Ba2 e5 14. h3 h6 15.
e4 Nd4 16. Nxd4 exd4 17. Nd5 Nxd5 18. Bxd5 Rd8 19. Qc4 b5 20. Qxb5 Ba6 21. Qxa5
Bxf1 22. Bxa8 Be2 23. Rc1 Bd6 24. f4 Qf8 25. e5 Rxa8 26. Qd5 Be7 27. Qxd4 Rd8
28. Qe3 Bd3 29. b4 Qe8 30. Rc7 Bf8 31. Bc3 Bb5 32. Bd4 Qe6 33. Qc3 Qd5 34. Bf2
Qd1+ 35. Qe1 Qb3 36. Qc3 Qb1+ 37. Kh2 Qe4 38. Qe3 Qxe3 39. Bxe3 Rd3 40. Bb6 Bd7
41. Ra7 Kh7 42. Bd8 Bc6 43. Bh4 Rd2 44. Rxf7 Rxg2+ 45. Kh1 Kg8 46. Rc7 Rc2+ 47.
Kg1 Be4 48. Rxc2 Bxc2 49. Kf2 Kf7 50. Ke3 Ke6 51. Kd4 Bf5 52. Be1 Bxh3 53. a4
Bg2 54. a5 Bc6 55. a6 Be7 56. a7 Ba8 57. b5 h5 58. Bg3 h4 59. Bh2 g6 60. Kc4 h3
61. b6 Bb7 62. Kb5 Kd5 63. a8=Q Bxa8 64. Ka6 Kc6 65. Ka7 Bb7 66. Bg1 h2 67.
Bxh2 Bc5 68. Kb8 Bxb6 69. Bg3 Bc7+ 70. Ka7 Bc8 71. Bh4 {...} 0-1

[Event "XV Festival B"]
[Site "Padova ITA"]
[Date "2012.12.22"]
[Round "4"]
[White "Rosina, Graziano"]
[Black "Barp, Alberto"]
[WhiteElo "1789"]
[BlackElo "1886"]
[Result "0-1"]
[PlyCount "108"]
[EventDate "2012.12.15"]

1. c4 e5 2. Nc3 Nf6 3. Nf3 Nc6 4. g3 Bb4 5. Bg2 O-O 6. O-O Bxc3 7. bxc3 d6 8.
d4 e4 9. Ng5 Re8 10. Qc2 Bf5 11. Bh3 Bxh3 12. Nxh3 Na5 13. Qa4 b6 14. Nf4 c6
15. h3 d5 16. cxd5 cxd5 17. Ng2 Qc8 18. Kh2 Qxc3 19. Be3 Qc4 20. Qxc4 Nxc4 21.
Bg5 Rac8 22. Bxf6 gxf6 23. Rfc1 b5 24. e3 Kf8 25. Nf4 Red8 26. Kg2 a5 27. Kf1
Ke7 28. Ke2 Kd6 29. Nh5 f5 30. Ng7 b4 31. Nxf5+ Ke6 32. Ng7+ Ke7 33. Nh5 a4 34.
Nf4 Kd6 35. Rab1 Rb8 36. Kd1 Rdc8 37. Ne2 b3 38. axb3 axb3 39. Rc3 b2 40. h4
Ra8 41. Rb3 Ra1 42. Nc3 Ke6 43. Kc2 h5 44. R1xb2 Nxb2 45. Kxb2 Rf1 46. Rb6+ Kf5
47. Nxd5 Rxf2+ 48. Kb3 Kg4 49. Nf6+ Kf3 50. Nxh5 Kxe3 51. d5 Kd4 52. d6 Rc3+
53. Ka4 Ra2+ 54. Kb5 Rc5+ 0-1

[Event "XV Festival B"]
[Site "Padova ITA"]
[Date "2012.12.22"]
[Round "4"]
[White "Simioni, Tiziano"]
[Black "Simonetto, Alessio"]
[WhiteElo "1781"]
[BlackElo "1572"]
[Result "0-1"]
[PlyCount "60"]
[EventDate "2012.12.15"]

1. e4 e5 2. f4 d5 3. Nf3 exf4 4. exd5 Nf6 5. Bc4 Bg4 6. O-O Be7 7. d4 Qd6 8.
Nc3 a6 9. Ne2 Bxf3 10. Rxf3 g5 11. a4 Nbd7 12. b3 Nb6 13. Qd3 Rd8 14. Ba3 Qd7
15. Bxe7 Kxe7 16. Nc3 Nbxd5 17. Nxd5+ Nxd5 18. Re1+ Kf8 19. Bxd5 Qxd5 20. Rd1
c5 21. c4 Qxd4+ 22. Qxd4 Rxd4 23. Rxd4 cxd4 24. Rd3 Ke7 25. Rxd4 Rd8 26. Rxd8
Kxd8 27. a5 Kd7 28. b4 Kd6 29. Kf2 Ke5 30. b5 Kd4 0-1

[Event "XV Festival B"]
[Site "Padova ITA"]
[Date "2012.12.22"]
[Round "4"]
[White "Simonetto, Andrea"]
[Black "Marangoni, Simone"]
[WhiteElo "1489"]
[BlackElo "1877"]
[Result "0-1"]
[PlyCount "60"]
[EventDate "2012.12.15"]

1. d4 g6 2. c4 Bg7 3. Nc3 d6 4. e4 Nc6 5. Be3 e5 6. d5 Nce7 7. c5 Nf6 8. f3 O-O
9. Rc1 dxc5 10. Bxc5 Nd7 11. Bxe7 Qxe7 12. a3 a6 13. Bc4 Qh4+ 14. g3 Qg5 15.
Nge2 Qe3 16. Qd3 Qh6 17. h4 b5 18. Ba2 Kh8 19. g4 Bf6 20. h5 Nc5 21. Qc2 Qe3
22. Rd1 Qxf3 23. Rf1 Bh4+ 24. Kd2 Qxg4 25. Kc1 Qxh5 26. b4 Na4 27. Nxa4 bxa4
28. d6 cxd6 29. Rxd6 Bg4 30. Nf4 Bg5 0-1

[Event "XV Festival B"]
[Site "Padova ITA"]
[Date "2012.12.22"]
[Round "4"]
[White "Sinato, Fabrizio"]
[Black "Zanirato, Stefano"]
[WhiteElo "1862"]
[BlackElo "1912"]
[Result "1-0"]
[PlyCount "47"]
[EventDate "2012.12.15"]

1. e4 Nc6 2. d4 d5 3. exd5 Qxd5 4. Nf3 Bg4 5. Be2 O-O-O 6. c4 Qh5 7. Be3 e5 8.
d5 a6 9. O-O e4 10. Nd4 Bxe2 11. Nxe2 Ne5 12. Qd4 Bd6 13. Ng3 Qg6 14. c5 Nf3+
15. gxf3 Bxg3 16. fxg3 f5 17. Nc3 h5 18. fxe4 h4 19. exf5 Qf7 20. gxh4 Nf6 21.
Bg5 Rd7 22. c6 bxc6 23. Qa7 Rxd5 24. Nxd5 1-0

[Event "XV Festival B"]
[Site "Padova ITA"]
[Date "2012.12.22"]
[Round "4"]
[White "Tomio, Dante"]
[Black "Simonetto, Adriano"]
[WhiteElo "1845"]
[BlackElo "2001"]
[Result "1-0"]
[PlyCount "69"]
[EventDate "2012.12.15"]

1. d4 d5 2. Nf3 Nf6 3. e3 c5 4. Bd3 Qc7 5. b3 cxd4 6. exd4 Bg4 7. Bb2 e6 8. O-O
Bd6 9. h3 Bh5 10. Nbd2 Nc6 11. a3 O-O 12. Rc1 Qe7 13. Ra1 Rfe8 14. Re1 Qc7 15.
c4 dxc4 16. bxc4 Bf4 17. Qc2 Qd6 18. Qc3 Red8 19. g4 Bg6 20. Bxg6 hxg6 21. Ne4
Nxe4 22. Rxe4 f6 23. Rae1 e5 24. d5 Ne7 25. a4 Qd7 26. Ba3 b6 27. Rxf4 Nxd5 28.
cxd5 exf4 29. d6 Qxa4 30. Qd3 Re8 31. Rd1 Rad8 32. Nh4 Qe4 33. Nxg6 Qxd3 34.
Rxd3 Re4 35. Kg2 1-0

[Event "XV Festival B"]
[Site "Padova ITA"]
[Date "2012.12.22"]
[Round "4"]
[White "Vastano, Ciro"]
[Black "Daccico, Gianni"]
[WhiteElo "1633"]
[BlackElo "1666"]
[Result "1-0"]
[PlyCount "141"]
[EventDate "2012.12.15"]

1. e4 e5 2. d4 exd4 3. c3 dxc3 4. Bc4 cxb2 5. Bxb2 Qe7 6. Nc3 Nc6 7. Nf3 d6 8.
O-O Nf6 9. Re1 Ne5 10. Nxe5 dxe5 11. Nd5 Nxd5 12. exd5 f6 13. Qb3 Qb4 14. Qc2
Qd6 15. f4 Qc5+ 16. Kh1 Bd6 17. Qe2 O-O 18. Rac1 a6 19. Bxa6 Qa7 20. Bc4 Bf5
21. fxe5 fxe5 22. Rf1 Rae8 23. Bb5 Re7 24. g4 Bg6 25. Rxf8+ Kxf8 26. Rf1+ Kg8
27. Bc4 Bf7 28. Bc1 b5 29. Bb3 Qc5 30. Be3 Bxd5+ 31. Kg1 Qc6 32. Rc1 Bc4 33.
Bxc4+ bxc4 34. Rxc4 Qd7 35. a4 Re8 36. a5 Qc8 37. Qa2 Kh8 38. a6 e4 39. h3 h5
40. Qa5 hxg4 41. Qh5+ Kg8 42. hxg4 Qe6 43. g5 g6 44. Qe2 Qh3 45. Qe1 Qh2+ 46.
Kf1 Rf8+ 47. Bf2 Bg3 48. Rc2 Bxf2 49. Rxf2 Qh1+ 50. Ke2 Qh5+ 51. Kf1 Qxg5 52.
Rxf8+ Kxf8 53. Qf2+ Kg7 54. a7 Qa5 55. Qd4+ Kh6 56. Ke2 Kh7 57. Ke3 Kh6 58.
Qh8+ Kg5 59. a8=Q Qe1+ 60. Kd4 Qd2+ 61. Kxe4 Qf4+ 62. Kd3 Qg3+ 63. Kd4 Qg1+ 64.
Kd5 Qg2+ 65. Ke6 Qg4+ 66. Ke7 Qb4+ 67. Kd8 Qd6+ 68. Kc8 Qe6+ 69. Kb8 Qb6+ 70.
Qb7 Qe3 71. Qd5+ 1-0

[Event "XV Festival B"]
[Site "Padova ITA"]
[Date "2012.12.22"]
[Round "4"]
[White "Zanini, Andrea"]
[Black "Quaranta, Gaetano"]
[WhiteElo "1662"]
[BlackElo "1815"]
[Result "1-0"]
[PlyCount "45"]
[EventDate "2012.12.15"]

1. b3 e5 2. Bb2 Nc6 3. e3 d5 4. Bb5 Bd6 5. f4 Qe7 6. Nf3 f6 7. h3 exf4 8. O-O
fxe3 9. Re1 Be6 10. Rxe3 Kf7 11. Bxc6 bxc6 12. Nd4 Bc5 13. Ba3 Bxa3 14. Nxa3
Qxa3 15. Nxe6 Qd6 16. Qg4 g6 17. Rf1 Nh6 18. Qg5 Nf5 19. Rxf5 gxf5 20. Qg7+ Ke8
21. Qxh8+ Kd7 22. Qxa8 Qe7 23. Nf8+ 1-0

[Event "XV Festival B"]
[Site "Padova ITA"]
[Date "2012.12.22"]
[Round "4"]
[White "Zavan, Fabrizio"]
[Black "Alfier, Cecilia"]
[WhiteElo "1534"]
[BlackElo "1680"]
[Result "1/2-1/2"]
[PlyCount "41"]
[EventDate "2012.12.15"]

1. e4 e6 2. d4 d5 3. e5 c5 4. c3 Nc6 5. Nf3 Nge7 6. Na3 Bd7 7. Be2 Nf5 8. Nc2
cxd4 9. cxd4 Nb4 10. O-O Rc8 11. Nxb4 Bxb4 12. a3 Ba5 13. b4 Bc7 14. Bg5 Ne7
15. Re1 O-O 16. Qd2 Qe8 17. Bd3 Ng6 18. Rac1 Bd8 19. Rxc8 Bxc8 20. Bxd8 Qxd8
21. Rc1 1/2-1/2

[Event "XV Festival B"]
[Site "Padova ITA"]
[Date "2012.12.23"]
[Round "5"]
[White "Alfier, Cecilia"]
[Black "Rigo, Mario"]
[WhiteElo "1680"]
[BlackElo "1503"]
[Result "1-0"]
[PlyCount "73"]
[EventDate "2012.12.15"]

1. e4 e5 2. Nf3 Nc6 3. Bb5 Bc5 4. c3 Nf6 5. O-O O-O 6. Nxe5 Qe7 7. Bxc6 dxc6 8.
d4 Rd8 9. Qf3 Bd6 10. Bf4 h6 11. Nd2 c5 12. Ndc4 cxd4 13. cxd4 b5 14. Nc6 Qd7
15. Nxd8 Qxd8 16. Nxd6 cxd6 17. Bxd6 Bb7 18. Be5 Nxe4 19. Qe3 Qd5 20. f3 Ng5
21. Qb3 Qc6 22. Rac1 Qg6 23. Rc7 Bc6 24. Bg3 a6 25. f4 Ne4 26. f5 Qh5 27. Rxc6
Nd2 28. Qd1 Qg5 29. Bf4 Qxf5 30. Bxd2 Qd5 31. Rc7 Qxd4+ 32. Kh1 Qxb2 33. Bc3
Qxa2 34. Rfxf7 Qxf7 35. Rxf7 Kxf7 36. Qd5+ Kg6 37. Qxa8 1-0

[Event "XV Festival B"]
[Site "Padova ITA"]
[Date "2012.12.23"]
[Round "5"]
[White "Barp, Alberto"]
[Black "Guerra, Alessandro"]
[WhiteElo "1886"]
[BlackElo "2200"]
[Result "0-1"]
[PlyCount "140"]
[EventDate "2012.12.15"]

1. d4 Nf6 2. c4 c5 3. d5 b5 4. cxb5 a6 5. bxa6 g6 6. Nc3 Bxa6 7. g3 d6 8. Bg2
Bg7 9. Nf3 Nfd7 10. O-O Nb6 11. Qc2 O-O 12. Rd1 N8d7 13. b3 Bxe2 14. Qxe2 Bxc3
15. Bb2 Bxb2 16. Qxb2 Nf6 17. Ne1 Nbd7 18. Nc2 Qb6 19. Ne3 Ne5 20. Qe2 Qa6 21.
Qxa6 Rxa6 22. f4 Ned7 23. Bf1 Ra7 24. a4 Rb8 25. Bb5 Nb6 26. Bc6 Na8 27. Rd3
Nc7 28. Nc2 Ra6 29. Na3 e6 30. Bb5 Nxb5 31. axb5 Rxb5 32. Nxb5 Rxa1+ 33. Kg2
Ra2+ 34. Kf3 exd5 35. Nxd6 Rxh2 36. Rc3 Rb2 37. g4 d4 38. Rd3 Nd5 39. Nc4 Rh2
40. Ke4 Nb4 41. Rd1 Re2+ 42. Kf3 Rh2 43. Ke4 f6 44. g5 Kg7 45. Ra1 Re2+ 46. Kf3
Re7 47. gxf6+ Kxf6 48. Ra5 Nd3 49. Ra6+ Re6 50. Ra7 h5 51. Rc7 Ne1+ 52. Kf2
Nd3+ 53. Kf3 g5 54. fxg5+ Kxg5 55. Rg7+ Kf5 56. Rh7 Rf6 57. Ke2 Nf4+ 58. Kf3
Kg6 59. Rd7 Nd5+ 60. Ke4 Nc3+ 61. Ke5 h4 62. Ra7 h3 63. Ra1 Rf5+ 64. Ke6 h2 65.
Ne5+ Rxe5+ 66. Kxe5 d3 67. Ra6+ Kh5 68. Ra8 d2 69. Kf5 Kh4 70. Kf4 d1=Q 0-1

[Event "XV Festival B"]
[Site "Padova ITA"]
[Date "2012.12.23"]
[Round "5"]
[White "Bergamasco, Tommaso"]
[Black "Donsbach, Peter"]
[WhiteElo "1685"]
[BlackElo "1554"]
[Result "1-0"]
[PlyCount "73"]
[EventDate "2012.12.15"]

1. f4 b6 2. Nf3 Bb7 3. e3 Nf6 4. b3 Nc6 5. Bb2 e6 6. Be2 d5 7. O-O Bd6 8. d4
Ng4 9. Qd2 Ne7 10. Ne5 Nf6 11. c4 Ne4 12. Qc2 c5 13. Nd2 Nf5 14. Qd3 Bxe5 15.
fxe5 Nxd2 16. Qxd2 Qg5 17. Bc1 dxc4 18. Bxc4 Rd8 19. Bb5+ Ke7 20. Qf2 Qg6 21.
dxc5 f6 22. c6 a6 23. Ba3+ Kf7 24. cxb7 axb5 25. Rad1 Ne7 26. Bd6 Nc6 27. Qf3
Nb8 28. Bc7 Rxd1 29. Rxd1 Re8 30. exf6 gxf6 31. Qf4 e5 32. Qf3 Qc2 33. Qd5+ Kg6
34. Qd3+ Qxd3 35. Rxd3 Na6 36. Rd8 Rxd8 37. Bxd8 1-0

[Event "XV Festival B"]
[Site "Padova ITA"]
[Date "2012.12.23"]
[Round "5"]
[White "Cacco, Christian"]
[Black "Basso, Pier Luigi"]
[WhiteElo "2325"]
[BlackElo "2186"]
[Result "1-0"]
[PlyCount "77"]
[EventDate "2012.12.15"]

1. d4 Nf6 2. Nf3 e6 3. Bg5 c5 4. e3 Qb6 5. Qc1 Nc6 6. c3 d5 7. Nbd2 Bd7 8. Bd3
Rc8 9. Qb1 h6 10. Bh4 Be7 11. O-O g5 12. Bg3 Nh5 13. Be5 Rf8 14. Be2 g4 15. Ne1
Nxe5 16. dxe5 f5 17. h3 c4 18. Nc2 Bg5 19. Kh1 Ng7 20. hxg4 f4 21. e4 Qc7 22.
exd5 Qxe5 23. Bf3 Kd8 24. Re1 Qc7 25. dxe6 Nxe6 26. Nb4 Qb6 27. Ne4 Bh4 28. Qc2
Ng5 29. Nd5 Qg6 30. Rad1 Nxf3 31. gxf3 h5 32. Qd2 Rf7 33. Nxf4 Qh6 34. g5 Qc6
35. g6 Re7 36. Nd5 Qe6 37. Ng5 Qxe1+ 38. Rxe1 Bxg5 39. Qxg5 1-0

[Event "XV Festival B"]
[Site "Padova ITA"]
[Date "2012.12.23"]
[Round "5"]
[White "Daccico, Gianni"]
[Black "Licandro, Michele"]
[WhiteElo "1666"]
[BlackElo "1572"]
[Result "0-1"]
[PlyCount "66"]
[EventDate "2012.12.15"]

1. e4 c5 2. d3 Nc6 3. Nd2 Qa5 4. Ngf3 d6 5. g3 Bg4 6. c3 b5 7. Bg2 g6 8. O-O
Bg7 9. Re1 Ne5 10. Nf1 Nf6 11. h3 Nxf3+ 12. Bxf3 Bxf3 13. Qxf3 O-O 14. e5 Nd7
15. exd6 exd6 16. Re7 Ne5 17. Qd5 Qb6 18. f4 Nc6 19. Rd7 Rad8 20. Rxd6 Rxd6 21.
Qf3 Rfd8 22. Qf2 Rxd3 23. Be3 Rd1 24. Rxd1 Rxd1 25. Bxc5 Qa6 26. Qe2 Rd8 27. a3
Qb7 28. Nd2 a6 29. Qe4 Qd7 30. Bb6 Re8 31. Qc2 Qxh3 32. Ne4 Qe6 33. Ng5 Qe1+
0-1

[Event "XV Festival B"]
[Site "Padova ITA"]
[Date "2012.12.23"]
[Round "5"]
[White "De Marchi, Alessandro"]
[Black "Lodici, Lorenzo"]
[WhiteElo "1713"]
[BlackElo "1931"]
[Result "0-1"]
[PlyCount "96"]
[EventDate "2012.12.15"]

1. c4 e5 2. g3 c6 3. Bg2 d5 4. cxd5 cxd5 5. Nf3 Nc6 6. O-O Nf6 7. d3 Be7 8. Bg5
Be6 9. Nc3 O-O 10. a3 h6 11. Bxf6 Bxf6 12. Rc1 Qd7 13. b4 Rfc8 14. Na4 b6 15.
Nc3 g5 16. Nd2 a5 17. b5 Ne7 18. Ndb1 Ra7 19. e4 d4 20. Nd5 Bxd5 21. Rxc8+ Nxc8
22. exd5 Qxb5 23. Qh5 Bg7 24. Nd2 Qxd3 25. Ne4 Qxa3 26. h4 gxh4 27. Qxh4 Qe7
28. Rc1 Rc7 29. Rc6 Rxc6 30. dxc6 Qxh4 31. gxh4 f5 32. Ng3 Kf7 33. Nxf5 Bf8 34.
c7 Ke6 35. Bh3 Kd5 36. Bg2+ e4 37. Ng3 Kd6 38. Nxe4+ Kxc7 39. Bf1 Kc6 40. f4 b5
41. Kf2 a4 42. Ke2 Nd6 43. Nf6 a3 44. Bg2+ Kc5 45. Nd7+ Kb4 46. Bd5 Nc4 47.
Nxf8 a2 48. Ne6 a1=Q 0-1

[Event "XV Festival B"]
[Site "Padova ITA"]
[Date "2012.12.23"]
[Round "5"]
[White "Desideri, Alessandro"]
[Black "Renier, Renzo"]
[WhiteElo "1788"]
[BlackElo "2006"]
[Result "1-0"]
[PlyCount "65"]
[EventDate "2012.12.15"]

1. e4 c5 2. Nf3 Nc6 3. d3 g6 4. g3 Bg7 5. Bg2 e6 6. O-O Nge7 7. Re1 d6 8. c3 e5
9. a3 a5 10. a4 O-O 11. Nbd2 d5 12. exd5 Nxd5 13. Ne4 b6 14. h4 Bg4 15. Qb3 Rb8
16. Nh2 Be6 17. Ng5 Qd7 18. Nxe6 fxe6 19. Bh3 Kh8 20. Ng4 Rf3 21. Ne3 Rbf8 22.
Rf1 Qf7 23. Qc2 h5 24. Bg2 Rf6 25. Nc4 Qc7 26. Bg5 R6f7 27. d4 Rf5 28. dxc5
bxc5 29. Be4 Nde7 30. Rad1 Rxg5 31. hxg5 Nf5 32. Rd2 Qe7 33. Bxc6 1-0

[Event "XV Festival B"]
[Site "Padova ITA"]
[Date "2012.12.23"]
[Round "5"]
[White "Desideri, Leonardo"]
[Black "Bellon, Antonio"]
[WhiteElo "1564"]
[BlackElo "1668"]
[Result "0-1"]
[PlyCount "93"]
[EventDate "2012.12.15"]

1. e4 e5 2. f4 exf4 3. Nf3 g5 4. h4 f6 5. hxg5 fxg5 6. Bc4 d6 7. Bxg8 Rxg8 8.
Rxh7 g4 9. Nd4 Qf6 10. Nf5 Nc6 11. Qe2 Be6 12. d4 O-O-O 13. Qd3 Bxf5 14. exf5
Re8+ 15. Kd1 f3 16. gxf3 gxf3 17. Rh1 f2 18. Be3 Rg3 19. Qe2 Rgxe3 20. Qxf2
Qxd4+ 21. Nd2 Qd5 22. Rf1 Re2 23. Qxe2 Rxe2 24. Kxe2 Nd4+ 25. Kd1 Nxf5 26. Ke1
Bh6 27. Nb3 Qe4+ 28. Kf2 Qe3+ 29. Kg2 Qg3+ 30. Kh1 Bf4 31. Rxf4 Qxf4 32. Rg1
Qh4+ 33. Kg2 Ne3+ 34. Kf3 Nxc2 35. Rg8+ Kd7 36. Rg7+ Kc6 37. Rg4 Qf6+ 38. Kg3
Qxb2 39. Rc4+ Kd7 40. Ra4 Qc3+ 41. Kg4 a6 42. Rf4 Nb4 43. Nd4 Nxa2 44. Rf7+ Ke8
45. Rf4 Qe3 46. Nf5 Qxf4+ 47. Kxf4 0-1

[Event "XV Festival B"]
[Site "Padova ITA"]
[Date "2012.12.23"]
[Round "5"]
[White "Dragojlovic, Andjelko"]
[Black "Seletsky, Grigory"]
[WhiteElo "2351"]
[BlackElo "2308"]
[Result "1/2-1/2"]
[PlyCount "24"]
[EventDate "2012.12.15"]

1. e4 e5 2. c3 Nc6 3. Bc4 Nf6 4. d3 Be7 5. f4 d6 6. Nf3 O-O 7. O-O Na5 8. Bb3
Nxb3 9. axb3 exf4 10. Bxf4 Be6 11. h3 d5 12. e5 Nd7 1/2-1/2

[Event "XV Festival B"]
[Site "Padova ITA"]
[Date "2012.12.23"]
[Round "5"]
[White "Gennari, Andrea"]
[Black "Ciani, Davide"]
[WhiteElo "1506"]
[BlackElo "1711"]
[Result "0-1"]
[PlyCount "80"]
[EventDate "2012.12.15"]

1. d4 d5 2. c4 e6 3. Nc3 Nf6 4. Bg5 Be7 5. Bxf6 Bxf6 6. e4 dxe4 7. Nge2 O-O 8.
Nxe4 Nc6 9. Nxf6+ Qxf6 10. Qd3 e5 11. d5 Bf5 12. Qd2 Rad8 13. Rd1 Rfe8 14. Qc3
Nd4 15. Rd2 Qg6 16. Kd1 c5 17. f4 Bg4 18. h3 Qh5 19. Rg1 Nxe2 20. Bxe2 Bxe2+
21. Rxe2 exf4 22. Rge1 Re3 23. Qd2 Rde8 24. d6 Rxe2 25. Rxe2 Rxe2 26. Qxe2
Qxe2+ 27. Kxe2 Kf8 28. Kd3 Ke8 29. Ke4 Kd7 30. Kd5 b6 31. a3 a5 32. Ke5 a4 33.
h4 f6+ 34. Kxf4 g6 35. g4 Kxd6 36. h5 Ke6 37. Ke4 f5+ 38. Kf4 fxg4 39. Kxg4
gxh5+ 40. Kxh5 Ke5 0-1